Fawlty Towers Episode From Quote - Statistics

General Stats
  • This quiz has been taken 18 times
  • The average score is 7 of 8
Answer Stats
Hint Answer % Correct
"You're a naughty boy, Fawlty!" The Builders
100%
"But Fawlty, how did the starling get in the bar?" Basil The Rat
93%
"£85 has been taken from my bag which i had hidden under the mattress" Communication Problems
93%
"Well if you don't like duck, you're rather stuck!" Gourmet Night
93%
"This wine is corked" "I just uncorked it" The Hotel Inspectors
93%
"I wish they were staying for a week, might have paid for the ad" A Touch Of Class
87%
"How often can you and your wife manage it?" The Psychiatrist
80%
"Another one Fawlty?" "No same one Major" The Kipper And The Corpse
67%
No matching quizzes found
Score Distribution
Percent of People with Each Score
Percentile by Number Answered
Your Score History
You have not taken this quiz